[Event "Women's Speed Chess GP4"]
[Site "chess.com INT"]
[Date "2020.07.16"]
[Round "2.7"]
[White "Hou, Yifan"]
[Black "Abdumalik, Zhansaya"]
[Result "1-0"]
[WhiteTitle "GM"]
[BlackTitle "IM"]
[WhiteElo "2658"]
[BlackElo "2478"]
[WhiteFideId "8602980"]
[BlackFideId "13703544"]
[EventDate "2020.07.15"]
[EventType "k.o. blitz"]

1. e4 e5 2. Nf3 Nc6 3. Bb5 a6 4. Ba4 Nf6 5. O-O Be7 6. Re1 b5 7. Bb3 O-O 8. d3
d6 9. c3 Na5 10. Bc2 c5 11. Nbd2 Be6 12. Nf1 Qc7 13. h3 Rfe8 14. Ng3 Bf8 15. Ng5
Bc8 16. f4 Nc6 17. Rf1 h6 18. Nf3 exf4 19. Bxf4 g6 20. Qd2 Kh7 21. Rf2 Bg7 22.
Raf1 Ra7 23. d4 cxd4 24. cxd4 Ng8 25. Be3 Na5 26. b3 Rb7 27. Nh4 d5 28. e5 Be6
29. Rxf7 Bxf7 30. Rxf7 Qxf7 31. Bxg6+ Qxg6 32. Nxg6 Kxg6 33. Qc2+ Kf7 34. Qf5+
Ke7 35. Qg6 Kf8 36. Qxa6 Ne7 37. Qxa5 Rc8 38. Qd2 Rbc7 39. Bxh6 Rc2 40. Qf4+ Kg8
41. Qg5 1-0

[Event "Women's Speed Chess GP4"]
[Site "chess.com INT"]
[Date "2020.07.16"]
[Round "2.8"]
[White "Abdumalik, Zhansaya"]
[Black "Hou, Yifan"]
[Result "0-1"]
[WhiteTitle "IM"]
[BlackTitle "GM"]
[WhiteElo "2478"]
[BlackElo "2658"]
[WhiteFideId "13703544"]
[BlackFideId "8602980"]
[EventDate "2020.07.15"]
[EventType "k.o. blitz"]

1. e4 c5 2. Nf3 e6 3. d4 cxd4 4. Nxd4 Nc6 5. Nc3 d6 6. Nb3 a6 7. Bd3 b5 8. O-O
Bb7 9. Be3 Nf6 10. f4 Qc7 11. Qf3 Be7 12. Qh3 O-O 13. Rae1 Rfe8 14. Kh1 Nb4 15.
a3 Nxd3 16. cxd3 e5 17. Rc1 Qd7 18. Qxd7 Nxd7 19. Na5 Rab8 20. Nxb7 Rxb7 21. Nd5
exf4 22. Nxe7+ Rxe7 23. Rc8+ Nf8 24. Bxf4 Red7 25. Rfc1 f6 26. Ra8 Kf7 27. Rxa6
d5 28. Kg1 dxe4 29. dxe4 Rd4 30. Re1 Ne6 31. Bg3 Nc5 32. Rd6 Rxe4 33. Rc1 Rc4
34. Rxc4 bxc4 35. Rc6 Nd3 36. Rxc4 Rxb2 37. h3 h5 38. a4 g5 39. h4 gxh4 40. Rxh4
Kg6 41. Rd4 Nc5 42. Rc4 Nd3 43. a5 Ra2 44. Bc7 Ne5 45. Bxe5 fxe5 46. Rc5 Kf5 47.
Kh2 Kf4 48. Kh3 e4 49. Rxh5 e3 50. Rh8 Rxa5 51. Rf8+ Ke4 52. Re8+ Re5 53. Ra8 e2
54. Ra1 Ke3 55. g4 Kf3 56. Rb1 e1=Q 57. Rxe1 Rxe1 58. Kh4 Kf4 0-1

[Event "Women's Speed Chess GP4"]
[Site "chess.com INT"]
[Date "2020.07.16"]
[Round "2.9"]
[White "Hou, Yifan"]
[Black "Abdumalik, Zhansaya"]
[Result "1-0"]
[WhiteTitle "GM"]
[BlackTitle "IM"]
[WhiteElo "2658"]
[BlackElo "2478"]
[WhiteFideId "8602980"]
[BlackFideId "13703544"]
[EventDate "2020.07.15"]
[EventType "k.o. blitz"]

1. e4 e5 2. Nf3 Nc6 3. Bb5 a6 4. Ba4 Nf6 5. O-O Be7 6. Re1 b5 7. Bb3 O-O 8. d3
d6 9. c3 Na5 10. Bc2 c5 11. Nbd2 Bb7 12. Nf1 Re8 13. Ng3 Bf8 14. h3 g6 15. d4
cxd4 16. cxd4 exd4 17. Nxd4 Rc8 18. Bg5 Bg7 19. Rc1 h6 20. Bf4 Nc4 21. b3 Na3
22. Bd3 Qb6 23. Rxc8 Rxc8 24. Be3 Qa5 25. Bd2 b4 26. Be3 Nd7 27. Qd2 Kh7 28. Be2
Nc5 29. Bf3 Re8 30. Bf4 d5 31. e5 Ne6 32. Nxe6 Rxe6 33. Bg4 Rc6 34. e6 fxe6 35.
Bxe6 Rc2 36. Qd3 Qb5 37. Bg8+ Kxg8 38. Qxg6 Qc6 39. Re8+ Qxe8 40. Qxe8+ Kh7 41.
Nf5 Nb5 42. Qf7 1-0

[Event "Women's Speed Chess GP4"]
[Site "chess.com INT"]
[Date "2020.07.16"]
[Round "2.10"]
[White "Abdumalik, Zhansaya"]
[Black "Hou, Yifan"]
[Result "0-1"]
[WhiteTitle "IM"]
[BlackTitle "GM"]
[WhiteElo "2478"]
[BlackElo "2658"]
[WhiteFideId "13703544"]
[BlackFideId "8602980"]
[EventDate "2020.07.15"]
[EventType "k.o. blitz"]

1. e4 c5 2. Nf3 e6 3. d4 cxd4 4. Nxd4 Nc6 5. Nc3 d6 6. g4 Nge7 7. Be3 Nxd4 8.
Qxd4 Nc6 9. Qd2 a6 10. O-O-O b5 11. a3 Bb7 12. f4 Rc8 13. Bg2 b4 14. axb4 Nxb4
15. Kb1 Qa5 16. Bd4 Nc6 17. Ne2 Qxd2 18. Rxd2 Nxd4 19. Rxd4 Be7 20. g5 e5 21.
Rb4 Bc6 22. h4 h6 23. Nc3 exf4 24. Nd5 hxg5 25. hxg5 Rxh1+ 26. Bxh1 Bxd5 27.
exd5 Bxg5 28. Rb6 Bf6 29. Rxd6 Rb8 30. b3 a5 31. Ra6 Bc3 32. Rc6 Be5 33. Ra6 g5
34. Bf3 Bc3 35. Ra7 Rb6 36. Bh5 Rh6 37. Bxf7+ Kf8 38. b4 axb4 39. Ka2 Rh7 40. d6
Rxf7 41. d7 Bf6 42. Ra8+ Kg7 43. d8=Q Bxd8 44. Rxd8 f3 0-1

[Event "Women's Speed Chess GP4"]
[Site "chess.com INT"]
[Date "2020.07.16"]
[Round "2.11"]
[White "Hou, Yifan"]
[Black "Abdumalik, Zhansaya"]
[Result "0-1"]
[WhiteTitle "GM"]
[BlackTitle "IM"]
[WhiteElo "2658"]
[BlackElo "2478"]
[WhiteFideId "8602980"]
[BlackFideId "13703544"]
[EventDate "2020.07.15"]
[EventType "k.o. blitz"]

1. e4 c5 2. Nf3 e6 3. d4 cxd4 4. Nxd4 a6 5. Bd3 Nf6 6. O-O Qc7 7. Qe2 d6 8. c4
Nbd7 9. Nc3 Ne5 10. Be3 Be7 11. Rac1 Nxd3 12. Qxd3 O-O 13. b4 Bd7 14. Nb3 Rac8
15. Ne2 Bc6 16. f3 d5 17. cxd5 exd5 18. Bf4 Qb6+ 19. Be3 Qxb4 20. e5 Nd7 21. Bd4
Bb5 22. Qe3 a5 23. Bc3 Qh4 24. Bxa5 Bc4 25. Nbd4 Bc5 26. g3 Qe7 27. Rxc4 dxc4
28. f4 Ra8 29. Bc3 Rxa2 30. Qe4 Nb6 31. Kh1 Qd7 32. f5 Qd5 33. Qxd5 Nxd5 34. Be1
c3 35. Nxc3 Nxc3 36. Bxc3 Ra3 37. Bb2 Ra2 38. Bc3 Re8 39. e6 fxe6 40. Nxe6 Bf8
41. Rb1 Rc2 42. Bd4 g6 43. g4 Re7 44. Ra1 Rc8 45. Kg2 Rf7 0-1

[Event "Women's Speed Chess GP4"]
[Site "chess.com INT"]
[Date "2020.07.16"]
[Round "2.6"]
[White "Kosteniuk, Alexandra"]
[Black "Harika, Dronavalli"]
[Result "1/2-1/2"]
[WhiteTitle "GM"]
[BlackTitle "GM"]
[WhiteElo "2471"]
[BlackElo "2515"]
[WhiteFideId "4128125"]
[BlackFideId "5015197"]
[EventDate "2020.07.15"]
[EventType "k.o. blitz"]

1. e4 e5 2. Nf3 Nc6 3. Bb5 a6 4. Ba4 d6 5. c3 Bd7 6. d4 g6 7. O-O Bg7 8. Bg5 f6
9. Be3 Nh6 10. dxe5 fxe5 11. Bb3 Nf7 12. a4 Qe7 13. a5 O-O 14. Ng5 Nd8 15. f4
exf4 16. Bxf4 Ne6 17. Nxe6 Bxe6 18. Nd2 Rae8 19. Nf3 h6 20. Ra4 g5 21. Bg3 Kh8
22. Bxe6 Qxe6 23. Rb4 Nd8 24. Bf2 Rf7 25. Nd4 Bxd4 26. Bxd4+ Kg8 27. Rxf7 Qxf7
28. Bf2 Rf8 29. Qd2 Qe6 30. Qd5 Qxd5 31. exd5 Rf5 32. Rd4 Kf7 33. c4 Ke8 34. h4
Kd7 35. Be3 Nf7 36. hxg5 hxg5 37. b3 Ne5 38. Bd2 c6 39. dxc6+ Nxc6 40. Rg4 Nxa5
41. b4 Nc6 42. Bxg5 Nxb4 43. Bd2 Nd3 44. Rd4 Ne5 45. c5 Nf7 46. cxd6 Rf6 47. Bf4
Nxd6 48. g4 Rg6 49. g5 b5 50. Kf2 Ke7 51. Ke2 Nc4 52. Kd3 Ke8 53. Re4+ Kf7 54.
Rd4 Re6 55. Rd7+ Kg6 56. Ra7 Kf5 57. Bc1 Ne5+ 58. Kc2 Rc6+ 59. Kb1 Nc4 60. Rf7+
Kg6 61. Rf8 a5 62. Rg8+ Kf5 63. Rf8+ Kg6 64. Rg8+ Kf7 65. Rb8 b4 66. Rh8 Rc5 67.
Rh6 Na3+ 68. Bxa3 bxa3 69. Ka2 Rxg5 70. Kxa3 Rf5 71. Ra6 Ke7 72. Ka4 Kd7 73.
Rxa5 Rxa5+ 74. Kxa5 1/2-1/2

[Event "Women's Speed Chess GP4"]
[Site "chess.com INT"]
[Date "2020.07.16"]
[Round "2.1"]
[White "Koneru, Humpy"]
[Black "Gunina, Valentina"]
[Result "0-1"]
[WhiteTitle "GM"]
[BlackTitle "GM"]
[WhiteElo "2586"]
[BlackElo "2431"]
[WhiteFideId "5008123"]
[BlackFideId "4167570"]
[EventDate "2020.07.15"]
[EventType "k.o. blitz"]

1. d4 Nf6 2. c4 e6 3. Nf3 d5 4. Nc3 c5 5. cxd5 Nxd5 6. e4 Nxc3 7. bxc3 cxd4 8.
cxd4 Bb4+ 9. Bd2 Bxd2+ 10. Qxd2 O-O 11. Bc4 Nc6 12. O-O b6 13. Rad1 Na5 14. Bd3
Bb7 15. Rfe1 Rc8 16. h4 Nc4 17. Qe2 Na5 18. h5 h6 19. Qd2 Qe7 20. Qf4 Rfd8 21.
d5 Rc5 22. Bb1 Nc4 23. dxe6 fxe6 24. Qg4 Rf8 25. Rd4 Qf6 26. Red1 Ne5 27. Qg3
Nxf3+ 28. Qxf3 Qxd4 29. Rxd4 Rxf3 30. gxf3 Rc1+ 31. Kg2 Rxb1 32. Rd8+ Kh7 33.
Rd7 Ba6 34. Rxa7 Bc4 35. f4 Re1 36. f5 exf5 37. exf5 Bd5+ 38. Kg3 Kg8 39. Rd7
Bxa2 40. Rb7 Rb1 41. f6 gxf6 42. Kf4 Rb5 43. f3 Bf7 44. Rb8+ Kg7 45. Rb7 Rb3 46.
Kg4 b5 47. f4 b4 48. Kf5 Rb1 0-1

[Event "Women's Speed Chess GP4"]
[Site "chess.com INT"]
[Date "2020.07.16"]
[Round "2.2"]
[White "Gunina, Valentina"]
[Black "Koneru, Humpy"]
[Result "1-0"]
[WhiteTitle "GM"]
[BlackTitle "GM"]
[WhiteElo "2431"]
[BlackElo "2586"]
[WhiteFideId "4167570"]
[BlackFideId "5008123"]
[EventDate "2020.07.15"]
[EventType "k.o. blitz"]

1. e4 e5 2. Nf3 Nf6 3. Nxe5 d6 4. Nf3 Nxe4 5. Nc3 Nxc3 6. dxc3 Be7 7. Be3 Nc6 8.
Bd3 Bg4 9. h3 Bh5 10. g4 Bg6 11. Bxg6 hxg6 12. Qd5 Qd7 13. O-O-O Rf8 14. Rhe1
O-O-O 15. Kb1 a6 16. Nd2 f5 17. Bd4 fxg4 18. hxg4 Qxg4 19. Rg1 Qf5 20. Qxf5+
Rxf5 21. Rxg6 Nxd4 22. cxd4 Rxf2 23. Rxg7 Bf6 24. Rg4 d5 25. c3 Rh8 26. Rg3 Rhh2
27. Kc2 b6 28. Kd3 Be7 29. Nf3 Rh8 30. Rd2 Rf1 31. Ne5 Bd6 32. Rg5 Rh3+ 33. Kc2
Re3 34. Nd3 c6 35. Rdg2 Re7 36. Rg6 Kc7 37. Rh6 Rf8 38. Rgg6 Rd8 39. Nb4 Bxb4
40. Rxc6+ Kd7 41. cxb4 Re2+ 42. Kc3 Rg8 43. Rhd6+ Ke7 44. Rg6 Rh8 45. Rg7+ Kf8
46. Rg3 Rhh2 47. Rxb6 Rc2+ 48. Kd3 Rxb2 49. Rxa6 Rxb4 50. Rf3+ Kg8 51. Ra7 Rbb2
52. Ke3 1-0

[Event "Women's Speed Chess GP4"]
[Site "chess.com INT"]
[Date "2020.07.16"]
[Round "2.3"]
[White "Koneru, Humpy"]
[Black "Gunina, Valentina"]
[Result "1-0"]
[WhiteTitle "GM"]
[BlackTitle "GM"]
[WhiteElo "2586"]
[BlackElo "2431"]
[WhiteFideId "5008123"]
[BlackFideId "4167570"]
[EventDate "2020.07.15"]
[EventType "k.o. blitz"]

1. d4 Nf6 2. c4 e6 3. Nf3 d5 4. Nc3 c5 5. cxd5 Nxd5 6. e4 Nxc3 7. bxc3 cxd4 8.
cxd4 Bb4+ 9. Bd2 Bxd2+ 10. Qxd2 O-O 11. Bc4 Nc6 12. O-O b6 13. Rad1 Na5 14. Bd3
Bb7 15. Rfe1 Rc8 16. h4 Qe7 17. Qf4 Rfd8 18. d5 Qf6 19. Qg4 e5 20. Qg3 Re8 21.
Bb5 Re7 22. d6 Re6 23. Bd7 Rd8 24. Bxe6 Qxe6 25. Qxe5 Qxa2 26. Qe7 Rf8 27. d7 1-0

[Event "Women's Speed Chess GP4"]
[Site "chess.com INT"]
[Date "2020.07.16"]
[Round "2.4"]
[White "Gunina, Valentina"]
[Black "Koneru, Humpy"]
[Result "0-1"]
[WhiteTitle "GM"]
[BlackTitle "GM"]
[WhiteElo "2431"]
[BlackElo "2586"]
[WhiteFideId "4167570"]
[BlackFideId "5008123"]
[EventDate "2020.07.15"]
[EventType "k.o. blitz"]

1. d4 Nf6 2. c4 e6 3. Nf3 d5 4. Nc3 Be7 5. Bg5 h6 6. Bh4 O-O 7. e3 b6 8. Rc1 Bb7
9. a3 dxc4 10. Bxc4 Nbd7 11. O-O c5 12. Bg3 a6 13. Qe2 b5 14. Ba2 Qb6 15. Rfd1
Rfd8 16. dxc5 Nxc5 17. b4 Rxd1+ 18. Nxd1 Nce4 19. Bc7 Qa7 20. Nd4 Nd5 21. Be5
Bf6 22. Bxf6 Nexf6 23. Nb3 Nb6 24. Nc5 Bd5 25. Bxd5 Nfxd5 26. e4 Nf4 27. Qg4 Ng6
28. Nxe6 Qd7 29. Ne3 Qxe6 30. Nf5 Nc4 31. h4 Nce5 32. Qg3 h5 33. Qg5 Rc8 34. Rd1
Qf6 35. Qxh5 Nf4 36. Qg5 Nf3+ 37. gxf3 Nh3+ 38. Kf1 Nxg5 39. hxg5 Qxg5 40. Ne3
Qh5 41. Ke2 g6 42. Rd7 Qe5 43. Rd5 Qb2+ 44. Rd2 Qb3 45. Rd3 Qa2+ 46. Kf1 Rc1+
47. Kg2 Kg7 48. e5 Qe2 49. Rd7 Qe1 50. e6 Qh1+ 51. Kg3 Rg1+ 52. Kf4 Qh4+ 53. Ng4
Rxg4+ 54. fxg4 Qxf2+ 0-1

[Event "Women's Speed Chess GP4"]
[Site "chess.com INT"]
[Date "2020.07.16"]
[Round "2.5"]
[White "Koneru, Humpy"]
[Black "Gunina, Valentina"]
[Result "0-1"]
[WhiteTitle "GM"]
[BlackTitle "GM"]
[WhiteElo "2586"]
[BlackElo "2431"]
[WhiteFideId "5008123"]
[BlackFideId "4167570"]
[EventDate "2020.07.15"]
[EventType "k.o. blitz"]

1. d4 Nf6 2. c4 e6 3. Nf3 Bb4+ 4. Nbd2 d5 5. Qa4+ Nc6 6. e3 O-O 7. a3 Bxd2+ 8.
Bxd2 Ne4 9. Rd1 Nxd2 10. Rxd2 Ne7 11. Qc2 b6 12. Bd3 h6 13. O-O dxc4 14. Be4 Nd5
15. Qxc4 Bb7 16. Bb1 Qd6 17. Rc1 Rfc8 18. h3 c5 19. Qd3 cxd4 20. Rxc8+ Rxc8 21.
Nxd4 Nf6 22. Rc2 Rd8 23. Qe2 e5 24. Nf5 Qd1+ 25. Qxd1 Rxd1+ 26. Kh2 Rxb1 27. Rc7
Be4 28. Nd6 Bd5 29. Rxa7 Rxb2 30. f3 Bxf3 0-1

[Event "Women's Speed Chess GP4"]
[Site "chess.com INT"]
[Date "2020.07.16"]
[Round "2.6"]
[White "Gunina, Valentina"]
[Black "Koneru, Humpy"]
[Result "1/2-1/2"]
[WhiteTitle "GM"]
[BlackTitle "GM"]
[WhiteElo "2431"]
[BlackElo "2586"]
[WhiteFideId "4167570"]
[BlackFideId "5008123"]
[EventDate "2020.07.15"]
[EventType "k.o. blitz"]

1. e4 e5 2. Nf3 Nf6 3. Nxe5 d6 4. Nf3 Nxe4 5. Nc3 Nxc3 6. dxc3 Be7 7. Be3 Nc6 8.
Bd3 Bg4 9. h3 Bh5 10. g4 Bg6 11. Bxg6 hxg6 12. Qd5 Qd7 13. O-O-O Rf8 14. Nd4
O-O-O 15. Rhe1 a6 16. g5 Rde8 17. h4 Nxd4 18. Qxd4 f6 19. c4 Qc6 20. gxf6 Bxf6
21. Qg4+ Kb8 22. Kb1 Re7 23. Bc1 Rfe8 24. Rxe7 Rxe7 25. Qxg6 Qxc4 26. h5 Qh4 27.
h6 gxh6 28. Be3 b6 29. Qg8+ Ka7 30. Qc8 Qb4 31. b3 Qc3 32. Kc1 Qb2+ 33. Kd2 Qc3+
34. Ke2 Qxc2+ 35. Rd2 Qe4 36. Kd1 Qb1+ 37. Ke2 Qe4 38. Kd1 Bg5 39. Bxg5 hxg5 40.
Kc1 Qe1+ 41. Kc2 Qe5 42. Kb1 Qc5 43. Rc2 Re1+ 44. Kb2 Qe5+ 45. Ka3 Qa5+ 46. Kb2
Qe5+ 47. Ka3 Qa5+ 48. Kb2 Qe5+ 1/2-1/2

[Event "Women's Speed Chess GP4"]
[Site "chess.com INT"]
[Date "2020.07.16"]
[Round "2.7"]
[White "Koneru, Humpy"]
[Black "Gunina, Valentina"]
[Result "1-0"]
[WhiteTitle "GM"]
[BlackTitle "GM"]
[WhiteElo "2586"]
[BlackElo "2431"]
[WhiteFideId "5008123"]
[BlackFideId "4167570"]
[EventDate "2020.07.15"]
[EventType "k.o. blitz"]

1. d4 Nf6 2. c4 e6 3. Nf3 b6 4. g3 Bb7 5. Bg2 Bb4+ 6. Nbd2 O-O 7. O-O a5 8. a3
Bxd2 9. Bxd2 d6 10. b3 Nbd7 11. Bc3 Ne4 12. Bb2 f5 13. e3 Ndf6 14. Qc2 Qe7 15.
Rad1 Rae8 16. b4 axb4 17. axb4 Ng4 18. Qe2 Ng5 19. d5 e5 20. Nh4 Bc8 21. c5 dxc5
22. bxc5 Qxc5 23. Rc1 Qe7 24. Rc6 Bb7 25. Rc2 Qd6 26. Nxf5 Rxf5 27. Qxg4 Ref8
28. e4 Nf3+ 29. Bxf3 Rxf3 30. Qg5 Re8 31. Rfc1 h6 32. Qh5 Qf8 33. Bxe5 Rf7 34.
Rxc7 Ba6 35. Rxf7 Qxf7 36. Qxf7+ Kxf7 37. Rc7+ Re7 38. Rxe7+ Kxe7 39. Bxg7 h5
40. Bd4 Bd3 41. f3 b5 42. Kf2 Kd6 43. Ke3 Bf1 44. h4 b4 45. g4 hxg4 46. fxg4 Bh3
47. Kf4 b3 48. h5 1-0

[Event "Women's Speed Chess GP4"]
[Site "chess.com INT"]
[Date "2020.07.16"]
[Round "2.8"]
[White "Gunina, Valentina"]
[Black "Koneru, Humpy"]
[Result "0-1"]
[WhiteTitle "GM"]
[BlackTitle "GM"]
[WhiteElo "2431"]
[BlackElo "2586"]
[WhiteFideId "4167570"]
[BlackFideId "5008123"]
[EventDate "2020.07.15"]
[EventType "k.o. blitz"]

1. e4 e5 2. Nf3 Nf6 3. Nxe5 d6 4. Nf3 Nxe4 5. Nc3 Nxc3 6. dxc3 Be7 7. Be3 Nc6 8.
Bd3 Be6 9. Qe2 Qd7 10. O-O-O Bf6 11. Bb5 a6 12. Bxc6 bxc6 13. Bd4 Bxd4 14. Nxd4
O-O 15. a3 Rfe8 16. Qd3 c5 17. Nxe6 Qxe6 18. Kb1 h6 19. Rd2 a5 20. c4 Qe5 21. a4
Rab8 22. b3 Re6 23. Ka2 Rbe8 24. Rhd1 Qf6 25. g3 Re1 26. f4 R1e3 27. Qd5 Qc3 28.
Kb1 Re2 29. Qc6 R8e3 30. Qd5 Re1 31. Rxe1 Rxe1+ 32. Rd1 Re2 33. Rc1 Rxh2 34.
Qa8+ Kh7 35. Qd5 Qf6 36. Qb7 Rh3 37. Rg1 Qd4 38. Re1 Rxg3 39. Qxc7 Rg1 40. Rxg1
Qxg1+ 41. Ka2 Qg6 42. Kb1 h5 43. Qxa5 h4 44. Qc3 Qg3 45. Qd2 h3 46. Qd5 h2 47.
Kb2 Qg1 48. Qf5+ Kg8 49. Qc8+ Kh7 0-1

[Event "Women's Speed Chess GP4"]
[Site "chess.com INT"]
[Date "2020.07.16"]
[Round "2.9"]
[White "Koneru, Humpy"]
[Black "Gunina, Valentina"]
[Result "1-0"]
[WhiteTitle "GM"]
[BlackTitle "GM"]
[WhiteElo "2586"]
[BlackElo "2431"]
[WhiteFideId "5008123"]
[BlackFideId "4167570"]
[EventDate "2020.07.15"]
[EventType "k.o. blitz"]

1. d4 Nf6 2. c4 e6 3. Nf3 Bb4+ 4. Nbd2 O-O 5. a3 Bxd2+ 6. Bxd2 b6 7. e3 Bb7 8.
Bd3 Ne4 9. O-O d6 10. Qc2 f5 11. Rad1 Nxd2 12. Nxd2 Qg5 13. e4 Nd7 14. d5 Nc5
15. b4 Nxd3 16. Qxd3 Rae8 17. Nf3 Qg4 18. exf5 e5 19. h3 Qf4 20. Qe3 Qxc4 21.
Rc1 Qxd5 22. Rxc7 Rxf5 23. Rfc1 Rf7 24. Rxf7 Qxf7 25. Ng5 Qd5 26. f3 h6 27. Ne4
Rc8 28. Rxc8+ Bxc8 29. Qc3 Bf5 30. Ng3 Bg6 31. Qc7 a5 32. Qxb6 axb4 33. axb4 Kh7
34. Kh2 Qd4 35. Qxd4 exd4 36. Kg1 Bc2 37. Kf2 Kg6 38. b5 Ba4 39. b6 Bc6 40. Ne4
Kf7 41. Nxd6+ Ke6 42. b7 Bxb7 43. Nxb7 Kd5 44. Ke2 Kc4 45. Kd2 Kd5 46. Na5 Ke5
47. g3 h5 48. Nc4+ Kd5 49. Kd3 1-0

[Event "Women's Speed Chess GP4"]
[Site "chess.com INT"]
[Date "2020.07.16"]
[Round "2.10"]
[White "Gunina, Valentina"]
[Black "Koneru, Humpy"]
[Result "1-0"]
[WhiteTitle "GM"]
[BlackTitle "GM"]
[WhiteElo "2431"]
[BlackElo "2586"]
[WhiteFideId "4167570"]
[BlackFideId "5008123"]
[EventDate "2020.07.15"]
[EventType "k.o. blitz"]

1. d4 Nf6 2. c4 e6 3. Nf3 d5 4. Nc3 Be7 5. Bg5 h6 6. Bh4 O-O 7. e3 b6 8. Rc1 Bb7
9. a3 dxc4 10. Bxc4 Nbd7 11. O-O a6 12. Qe2 b5 13. Ba2 c5 14. dxc5 Nxc5 15. Rfd1
Qb6 16. Nd4 Rfd8 17. Bg3 Rac8 18. f3 b4 19. axb4 Qxb4 20. Rb1 a5 21. Nc2 Qb6 22.
Bf2 Ba6 23. Rxd8+ Rxd8 24. Bc4 Bxc4 25. Qxc4 Nd3 26. Nd4 Nxf2 27. Kxf2 e5 28.
Nf5 Bb4 29. Ne2 h5 30. Qh4 g6 31. Qg5 Rd2 32. Rc1 Bc5 33. Nh6+ Kf8 34. Qxe5 1-0

[Event "Women's Speed Chess GP4"]
[Site "chess.com INT"]
[Date "2020.07.16"]
[Round "2.11"]
[White "Koneru, Humpy"]
[Black "Gunina, Valentina"]
[Result "1/2-1/2"]
[WhiteTitle "GM"]
[BlackTitle "GM"]
[WhiteElo "2586"]
[BlackElo "2431"]
[WhiteFideId "5008123"]
[BlackFideId "4167570"]
[EventDate "2020.07.15"]
[EventType "k.o. blitz"]

1. d4 Nf6 2. c4 e6 3. Nf3 b6 4. g3 Bb7 5. Bg2 Bb4+ 6. Nbd2 O-O 7. O-O d6 8. a3
Bxd2 9. Qxd2 Nbd7 10. b4 Qe7 11. Bb2 Ne4 12. Qc2 f5 13. e3 Ndf6 14. Rac1 Rac8
15. h3 Ba8 16. Rfe1 g5 17. Nd2 Nxd2 18. Qxd2 Bxg2 19. Kxg2 Ne4 20. Qc2 Qf7 21.
f3 Nf6 22. d5 exd5 23. Qxf5 dxc4 24. Qxg5+ Qg6 25. Qxg6+ hxg6 26. Bxf6 Rxf6 27.
Rxc4 c5 28. bxc5 dxc5 29. Rd1 b5 30. Re4 c4 31. Rd7 Rf7 32. Rd1 c3 33. Rc1 Rd7
34. Rd4 Rxd4 35. exd4 Kf7 36. Kf2 Ke6 37. Ke3 Kd5 38. Kd3 Rf8 39. f4 g5 40. Rxc3
gxf4 41. Rc5+ Kd6 42. gxf4 Rxf4 43. Rxb5 Rf3+ 44. Kc4 Rxa3 45. h4 Rh3 46. h5 Kc6
47. Rc5+ Kb6 48. Rg5 a5 49. Rg6+ Kb7 50. h6 a4 51. Rg7+ Kb6 52. Rg6+ Kb7 53.
Rg7+ Kb6 54. h7 a3 55. Rg6+ Kb7 56. Rg7+ Kb6 57. Rg6+ Kb7 58. Rg7+ Kb6 1/2-1/2

[Event "Women's Speed Chess GP4"]
[Site "chess.com INT"]
[Date "2020.07.16"]
[Round "2.1"]
[White "Muzychuk, Anna"]
[Black "Khademalsharieh, Sarasadat"]
[Result "0-1"]
[WhiteTitle "GM"]
[BlackTitle "IM"]
[WhiteElo "2535"]
[BlackElo "2494"]
[WhiteFideId "14111330"]
[BlackFideId "12512214"]
[EventDate "2020.07.15"]
[EventType "k.o. blitz"]

1. e4 e5 2. Nf3 Nc6 3. Bb5 a6 4. Ba4 g6 5. d4 b5 6. Bb3 exd4 7. a4 b4 8. Nxd4
Na5 9. Ba2 Bg7 10. O-O Ne7 11. c3 c5 12. Nb3 Nb7 13. Be3 c4 14. cxb4 cxb3 15.
Qxb3 O-O 16. Nc3 d6 17. Rfd1 Be6 18. Qc2 Bxa2 19. Rxa2 Qc8 20. Qe2 Qe6 21. Raa1
Rfc8 22. b5 Bxc3 23. bxa6 Nc5 24. bxc3 Nxe4 25. Bd4 Nxc3 26. Qxe6 fxe6 27. Bxc3
Rxc3 28. Rxd6 Rc6 29. Rd7 Kf7 30. g3 Rcxa6 31. Rb1 R6a7 32. Rxa7 Rxa7 33. Ra1
Ra5 34. Kg2 Nd5 35. h4 h5 36. Ra3 Nb6 37. Rf3+ Ke7 38. Rb3 Nxa4 39. Ra3 Ra6 40.
Kf3 Nc5 41. Rxa6 Nxa6 42. g4 Kf6 0-1

[Event "Women's Speed Chess GP4"]
[Site "chess.com INT"]
[Date "2020.07.16"]
[Round "2.2"]
[White "Khademalsharieh, Sarasadat"]
[Black "Muzychuk, Anna"]
[Result "1/2-1/2"]
[WhiteTitle "IM"]
[BlackTitle "GM"]
[WhiteElo "2494"]
[BlackElo "2535"]
[WhiteFideId "12512214"]
[BlackFideId "14111330"]
[EventDate "2020.07.15"]
[EventType "k.o. blitz"]

1. Nf3 c5 2. c4 Nc6 3. Nc3 g6 4. g3 Bg7 5. Bg2 e6 6. O-O Nge7 7. b3 O-O 8. Bb2
d5 9. cxd5 exd5 10. Rc1 b6 11. e3 Ba6 12. Re1 Bd3 13. a3 Qd6 14. Na4 c4 15. Bxg7
Kxg7 16. bxc4 dxc4 17. Nb2 b5 18. Nxd3 Qxd3 19. Rc3 Qd6 20. d3 cxd3 21. Rxd3 Qf6
22. Rd6 Qc3 23. Nd4 Rac8 24. Nxb5 Qc5 25. a4 a6 26. Qa1+ Kg8 27. Rc1 Qe5 28.
Bxc6 Qxa1 29. Rxa1 Rxc6 30. Rxc6 Nxc6 31. Nc7 a5 32. Rc1 Nb4 33. Nb5 Rd8 34. Nd4
Nd3 35. Rc3 Nb2 36. Rc5 Nxa4 37. Rxa5 Nc3 38. h4 h5 39. Kg2 Ne4 40. Ra7 Nf6 41.
Re7 Ng4 42. Rc7 Nf6 43. Rc2 Ng4 44. Nf3 Re8 45. Ng5 Rd8 46. e4 Rd7 47. Rc8+ Kg7
48. Rc2 Re7 49. Re2 Nf6 50. f3 Rd7 51. e5 Nd5 52. e6 fxe6 53. Nxe6+ Kf6 54. Nc5
Re7 55. Rxe7 Nxe7 56. Ne4+ Ke5 57. Kf2 Nf5 58. Ng5 Nd4 59. f4+ Kf5 60. Nf3 Nc2
61. Ne5 Nd4 62. Ke3 Nc2+ 63. Kd3 Nb4+ 64. Ke2 Nc2 65. Kf2 Nd4 66. Nf3 Nc2 67.
Ke2 Kg4 68. Kf2 Kf5 1/2-1/2

[Event "Women's Speed Chess GP4"]
[Site "chess.com INT"]
[Date "2020.07.16"]
[Round "2.3"]
[White "Muzychuk, Anna"]
[Black "Khademalsharieh, Sarasadat"]
[Result "1/2-1/2"]
[WhiteTitle "GM"]
[BlackTitle "IM"]
[WhiteElo "2535"]
[BlackElo "2494"]
[WhiteFideId "14111330"]
[BlackFideId "12512214"]
[EventDate "2020.07.15"]
[EventType "k.o. blitz"]

1. e4 e5 2. Nf3 Nc6 3. Bb5 a6 4. Bxc6 dxc6 5. O-O Qd6 6. Na3 Be6 7. Qe2 f6 8.
Nc4 Qd7 9. Rd1 c5 10. c3 Qf7 11. Ne3 O-O-O 12. d4 cxd4 13. cxd4 exd4 14. Nxd4
Bc5 15. Nxe6 Rxd1+ 16. Nxd1 Qxe6 17. Be3 Bxe3 18. Qxe3 Kb8 19. Nc3 Ne7 20. Rd1
Re8 21. Qg3 g6 22. h3 Nc8 23. Nd5 Nd6 24. Rc1 Nxe4 25. Qxc7+ Ka7 26. Nb4 Qf5 27.
Nc6+ Ka8 28. Qb6 Qxf2+ 29. Qxf2 Nxf2 30. Nb4 Ne4 31. Nd5 Kb8 32. Re1 f5 33. Nc3
Kc7 34. g4 Kd6 35. Kg2 Re5 36. Rd1+ Ke6 37. gxf5+ gxf5 38. Nxe4 Rxe4 39. Kf3 Rh4
40. Kg3 Rb4 41. b3 h5 42. Rd8 h4+ 43. Kf3 a5 44. Re8+ Kf7 45. Re5 Kf6 46. Rxa5
Rd4 47. Rb5 Rd3+ 48. Kf4 Rd4+ 49. Kf3 Kg5 50. Rxb7 Rd3+ 51. Kg2 Rd2+ 52. Kf3
Rxa2 53. Rg7+ Kf6 54. Rh7 Kg5 55. Rg7+ Kh6 56. Rg8 Rh2 57. Kf4 Rxh3 58. Kxf5
Rf3+ 59. Ke4 Rxb3 60. Kf4 Rb4+ 61. Kf3 Rb3+ 62. Kf2 Kh5 63. Kg2 Rb5 64. Rh8+ Kg4
65. Rg8+ Rg5 66. Rxg5+ Kxg5 67. Kh3 Kf4 68. Kxh4 1/2-1/2